| 000 | 00540nmc a2200205 a 4500 | ||
|---|---|---|---|
| 003 | AR-X00000XY | ||
| 005 | 20251128212012.0 | ||
| 008 | 107020s1953 ||||||||||||||000 | spa|| | ||
| 040 | _cAR-X00000XY | ||
| 100 | 0 | _aSaint-John Perse | |
| 245 | 1 | 0 | _aSaint-John Perse |
| 260 |
_aParis _bEditions Pierre Seghers _c1953 |
||
| 300 | 0 |
_a207 p. _cil., láms. |
|
| 490 | 0 | _aPoétes d'aujourd'hui | |
| 500 | 0 | _aCon dedicatoria manuscrita | |
| 655 | _aLITERATURA | ||
| 700 | 1 |
_aBosquet, Alain _epresentación |
|
| 942 | _cBK | ||
| 998 | _cmartin | ||
| 999 |
_c22014 _d22014 |
||